000 00582nam a2200181Ia 4500
005 20250423100854.0
008 250422s9999 xx 000 0 und d
020 _a9780367478223
050 _aQ 180 .U5 .K46/
100 _aKennedy, Ashley Graham
245 0 _aScience and Public policy
260 _aLondon
260 _bRoutledge
260 _c2023
300 _avi, 152p.: ill.
650 _aNational Science Foundation (U.S.) Science and state--United States. Federal aid to research--United States. Peer review of research grant proposals--United States.
942 _cBK
999 _c34599
_d34599